000 00556cab a22001815a 4500
001 L158739
008 150706e2015 xxk 000 0 eng d
035 _a(Sirsi) u158739
041 0 _aeng
110 2 _aExperian Economics
_95977
245 0 0 _aTracker May 2015
490 _aBuilding
_v280 (8881) 3 July 2015, 44-47(4)
520 _aEconomic summary of national and regional construction activity in May 2015.
650 2 4 _aEXPERIAN CONSTRUCTION INDUSTRY FOCUS
651 4 _aUnited Kingdom
_y
690 _aConstruction management
_96230
942 _n0
999 _c84673
_d84673